Deutsche Bands A-Z 2 - Statistiken

Allgemein
  • Dieses Quiz wurde 697 mal gespielt
  • Das Durchschnittsergebnis liegt bei 8 aus 26
Antwortstatistiken
Buchstabe Songs Antwort % Korrekt
A Pocahontas, Barfuß Am Klavier, Ausgehen AnnenMayKantereit
72%
H Viva Colonia, Wenn Nicht Jetzt, Wann Dann, Schenk Mir Dein Herz Höhner
69%
G Bruttosozialprodukt, Pure Lust Am Leben, Besuchen Sie Europa (Solange Es Noch Steht) Geier Sturzflug
63%
S Das Beste, Symphonie, Irgendwas Bleibt Silbermond
61%
N Daylight In Your Eyes, There Must Be An Angel, Something About Us No Angels
60%
D Moskau, Dschinghis Khan, Loreley Dschinghis Khan
58%
K Das Model, Autobahn, Die Roboter Kraftwerk
54%
R Ich Bin Ich (Wir Sind Wir), Gib Mir Sonne, Wir Sind Am Leben Rosenstolz
44%
E Hurra, Hurra Die Schule Brennt, Flieger, Grüß Mir Die Sonne, Polizisten Extrabreit
34%
P Alt Wie Ein Baum, Wenn Ein Mensch Lebt, Es War Schön Puhdys
25%
V Rock Mi, I Mog Di So, Donnawedda Voxxclub
25%
J Hengstin, Alles Cool, Du Willst Mir An Die Wäsche Jennifer Rostock
24%
L Nein Mann, Weightless, Egal Wohin Laserkraft 3D
24%
U Das Boot, Club Bizarre, Love Religion U 96
24%
B I Don't Care As Long As You Sing, Hand In Hand, Gentleman Of The Year Beatsteaks
22%
T Macht Kaputt, Was Euch Kaputt Macht, Rauch-Haus-Song, Keine Macht Für Niemand Ton Steine Scherben
22%
C Am Fenster, Casablanca, Glastraum City
21%
Q Nie Mehr Fastelovend, Guten Morgen Barbarossaplatz, Dä Plan Querbeat
18%
M Cruisen, Traumreise, Topmodel Massive Töne
17%
I Summer Air, Stamp On The Ground, My Life Is A Party Italobrothers
14%
O Schick Mir ’Nen Engel, Aus Und Vorbei, Der Letzte Stern Overground
12%
F Dein Herz Schlägt Schneller, Willst Du Mit Mir Geh’n?, Die Leude Fünf Sterne deluxe
8%
W All We Are, I Rule The Ruins, Für Immer Warlock
8%
X Nightfall, Ravenheart, Eversleeping Xandria
3%
Y Gimme, Gimme, Gimme, A Kiss Is All I Miss, Rhythm Of Love Yoomiii
1%
Z Wir, Wir, Wir, Haben Ein Klavier, Dann Ist Er Furchtbar Müde, Balalalalaika Zehn Whiskys und ein Soda
1%
Keine übereinstimmenden Quizze gefunden
Verteilung der Resultate
Anzahl Personen mit jedem Resultat
Perzentil nach korrekt beantworteten Fragen
Ihre Resultats-Entwicklung
Sie haben dieses Quiz noch nicht gespielt